| 000 | 00638nam a2200217Ia 4500 | ||
|---|---|---|---|
| 003 | OSt | ||
| 005 | 20241113103831.0 | ||
| 008 | 210324s9999||||xx |||||||||||||| ||und|| | ||
| 040 | _cSTCPL | ||
| 041 | _aHIN | ||
| 082 |
_aH07 _bRAD-S |
||
| 100 |
_aSingh, Radhakrishnan _qराधाकृष्ण सिंह |
||
| 245 | 0 |
_aSant pultoodas aur paltoo panth / _cby Radhakrishnan Singh _hसंत पलटूदास और पलटू पंथ |
|
| 260 |
_aDelhi : _bSoorya Prakashan , _c1966 . |
||
| 300 |
_a224 p. _bHB |
||
| 650 | _aHindi literature | ||
| 650 | _aHistory | ||
| 650 | _aStudy | ||
| 942 | _cBK | ||
| 942 | _2ddc | ||
| 999 |
_c23298 _d23298 |
||